Statistics for Marvel Ultimate Alliance 2 Boss Fights

Click here to take the quiz!

General Stats

  • This quiz has been taken 47 times
  • The average score is 15 of 45

Answer Stats

Answer% Correct
Electro
65%
Nick Fury
58%
Black Widow
54%
Bullseye
54%
Magneto
54%
Shocker
50%
She-Hulk
46%
Tinkerer
46%
Cable
42%
Scorcher
42%
War Machine
42%
Havok
38%
Hercules
38%
Lucia von Bardas
38%
Spider-Woman
38%
Wizard
38%
Bishop
35%
Colossus
35%
Dagger
35%
Diamondback
35%
Grim Reaper
35%
Lady Deathstrike
35%
Patriot
35%
Titanium Man
35%
Yellowjacket
35%
A-Bomb
31%
Goliath
31%
Wonder Man
31%
Cloak
27%
Firestar
27%
Lizard
27%
Moonstone
27%
Whirlwind
27%
Justice
23%
Molten Man
23%
Quicksilver
23%
Absorbing Man
19%
Multiple Man
19%
Prodigy
19%
Winter Soldier
19%
Equinox
15%
Radioactive Man
15%
Scorpion
15%
Grey Gargoyle
8%
Man-Ape
8%

Score Distribution

Percentile by Number Answered

Percent of People with Each Score

Your Score History

You have not taken this quiz